| 000 | 00647nam a22001817a 4500 | ||
|---|---|---|---|
| 999 |
_c14932 _d14932 |
||
| 003 | OSt | ||
| 082 | _2631.3 DAS/DE | ||
| 088 | _aP 208 | ||
| 100 |
_aAJOY KUMAR DAS _aDHANYA AUGUSTINE _aNADIYA NESTHAD _93796 |
||
| 245 | _aDevelopment and testing of coleus and ginger harvester | ||
| 260 |
_aTavanur 2009 _bDepartment of Farm Power Machinery and Energy |
||
| 300 | _a52 | ||
| 500 | _aDevelopment and testing of coleus and ginger harvester | ||
| 520 | _aDevelopment and testing of coleus and ginger harvester | ||
| 700 |
_aDr. Jayan P.R (Guide) _93380 |
||
| 856 | _uhttps://drive.google.com/open?id=1Ftmt51MdhSFdw134E-5mQLLVeJe-DTja | ||
| 942 | _cPR | ||